• 首页
  • 本馆介绍
  • 公告通知
  • 最新文献
  • 馆藏检索
  • 电子资源
  • 读者导购
  • 参考咨询
  • 我的图书馆
  • 登录
  • 详细信息显示
  • 放入我的书架
  • 预约/预借图书
  • 作者相关作品
  • 分类相关作品
  • 丛书相关作品
  • 出版社相关作品

书目信息

  • 表格格式
  • 工作单格式
  • 卡片格式
题名:
享瘦瑜伽18招
    
 
作者: 韩俊 编著
分册:  
出版信息: 南京   江苏科学技术出版社  2013
页数: 91页
开本: 23cm
丛书名:
单 册:
中图分类: R793.51 , TS974.14
科图分类:
主题词: 瑜伽--减肥--基本知识
电子资源:
ISBN: 978-7-5537-0150-9
000 01005nam0 2200301 450
001 1541034591
005 20150706112501.67
010    @a978-7-5537-0150-9@dCNY28.00
049    @aA330000ZJL@bUCS01005799385@c012011158027
090    @aR79@bhj
096    @aTS974@bhj
100    @a20130514d2013 em y0chiy50 ea
101 0  @achi
102    @aCN@b320000
105    @aa z 000yy
106    @ar
200 1  @a享瘦瑜伽18招@Axiang shou yu jia 18 zhao@b专著@f韩俊编著
210    @a南京@c江苏科学技术出版社@d2013
215    @a91页@c彩图@d23cm@e1光盘
300    @a白金女人系列/汉竹主编
307    @a附光盘:ISBN 978-7-88881-221-5
330    @a本书针对身体12个重要部位精选了18个瑜伽招式,包括瘦肚子、瘦腰、瘦脸、瘦下巴、瘦脖子、瘦手臂、瘦肩膀、瘦小腿、瘦臀等。
606 0  @a瑜伽@x减肥@x基本知识
690    @aR793.51@v5
690    @aTS974.14@v5
701  0 @a韩俊@c(女)@Ahan jun@4编著
801  0 @aCN@b大连网信软件有限公司图书馆·11@c20150706
905    @a213230@dR793.51@et7
    
    享瘦瑜伽18招/韩俊编著 .-南京:江苏科学技术出版社,2013
    91页:彩图;23cm+1光盘
    白金女人系列/汉竹主编
    
    ISBN 978-7-5537-0150-9:CNY28.00
    本书针对身体12个重要部位精选了18个瑜伽招式,包括瘦肚子、瘦腰、瘦脸、瘦下巴、瘦脖子、瘦手臂、瘦肩膀、瘦小腿、瘦臀等。
●
相关链接 在E读中查询图书 在五车中查询图书 在当当中查询图书 在豆瓣中查询图书


正题名:享瘦瑜伽18招     索取号:R793.51/t7         预约/预借

序号 登录号 条形码 馆藏地/架位号 状态 备注
1 6940500   269405002   体育系资料室/ [索取号:R793.51/t7] 在馆    
唐山师范学院图书馆 欢迎您!
大连网信软件有限公司© 版权所有